Responses for show #6075 - Friday, January 28, 2011

IBM Challenge mini-documentary: "Practice Makes Perfect"

Contestants

Eureka Nutt, a paralegal from Canoga Park, California

Doug Payne, a guitar instructor from Murfreesboro, Tennessee

Lisa Dvorak, a grocery store chain administrative assistant from Millersville, Maryland (whose 1-day cash winnings total $31,201)

Jeopardy! Round responses

ENGINEERING
SO SAYETH THE TALK SHOW HOST
START SPREADIN' THE BOOZE
POTTER ROAST
I OWE YOU AN "OLOGY"
WORDS REJECTED BY THE OED
    $200 8
(Lisa: What is the Trans-Canadian Railroad?)
(Doug: What is the St. Lawrence Seaway?)

the Trans-Canada Highway

LisaDoug
Triple Stumper
    $200 6
(Lisa: Who is Jay Leno?)

David Letterman

Lisa
Triple Stumper
    $200 13
(Alex: You're in the--all by yourself in first place now.)

tequila

Eureka
    $200 23
her editor

Doug
    $200 1
cardiology

Eureka
    $200 18
a traffic signal (or red light)

Doug
    $400 9
the Panama Canal

Lisa
    $400 7
Jon Stewart

Doug
    $400 14
[Eureka's response of "What is Jack Daniel?" was accepted and never reversed.]

Jack Daniel's

Eureka
    $400 24
(Lisa: What is a rabbit?)
(Alex: Be more specific.)
(Lisa: Um... [Lisa leans in closer and squints] a hare?)
(Alex: Which rabbit?)
(Lisa: Oh, [*]. Sorry.)

Peter Rabbit

Lisa
    $400 2
ornithology

Eureka
    $400 19
children

Eureka
    $600 10
Hoover Dam

Doug
    $600 27
Emmy

Eureka
    $600 15
Captain Morgan

Eureka
    $600 25
sheep

Lisa
    $600 3
chronology

Lisa
    $600 20
phishing

Lisa
    $800 11
the sun gear

Lisa
    $800 28
[The end-of-round signal sounds.]

Jimmy Kimmel

Eureka
    $800 16
Jim Beam

Doug
    $800 26
whiskers

Eureka
    $800 4
anesthesiology

Eureka
    $800 21
(Alex: Yep--oh, you're smiling.)
(Lisa: No.)
(Alex: You don't do that. I know.)
(Lisa: No, no, no.)

at work

Lisa
    $1000 12
a lighthouse

Triple Stumper
    $1,600 17
ouzo

Doug
    $1000 5
criminology

Triple Stumper
    $1000 22
(Alex: With a minute to go.)

the big toe

Triple Stumper

Scores at the first commercial break (after clue 15):

Lisa Doug Eureka
$1,400 $800 $2,600

Scores at the end of the Jeopardy! Round:

Lisa Doug Eureka
$3,800 $3,600 $5,200

Double Jeopardy! Round responses

ISLAND NICKNAMES
PLAYING THE PROFESSOR
"STAN" IN THE PLACE WHERE YOU LIVE
(Alex: A geography category, obviously.)
NATIONALITY, PLEASE
THE SUPREME COURT
WE ALL SPEAK HINDI
    $400 1
Ireland

Eureka
    $400 8
Mona Lisa Smile

Eureka
    $400 25
Pakistan

Doug
    $400 17
French

Eureka
    $400 2
Dred Scott

Eureka
    $400 5
a cot

Doug
    $800 22
Komodo

Doug
    $800 9
Treme

Eureka
    $800 26
(Alex: With a minute to go, you're right.)

Afghanistan

Eureka
    $800 18
Dutch

Doug
    $800 3
(Antonin) Scalia

Doug
    $800 13
a cheetah

Doug
    $4,000 23
(Doug: What is Jamaica?)

Pitcairn

Doug
    $1200 10
Colin Firth

Eureka
    $1200 27
Kazakhstan

Triple Stumper
    $1200 19
Norwegian

Eureka
    $1200 4
(Eureka: Who is Frankfurter?)

(Louis) Brandeis

LisaEureka
    $1200 14
(Lisa: What is soap?)
...
(Alex: [*]--keratinous filaments--your hair.)

shampoo

LisaEureka
    $1600 24
(Doug: What is Maui?)

Kauai

Doug
Triple Stumper
    $1600 11
George

Triple Stumper
    $1,000 28
Kyrgyzstan

Eureka
    $1600 20
Russian

Lisa
    $1600 6
Roe v. Wade

Eureka
    $1600 15
a dinghy

Eureka
    $2000 12
(Eureka: Who is Dow?)

Russell Johnson

LisaEureka
    $2000 29
[The end-of-round signal sounds.]

Uzbekistan

Lisa
    $2000 21
Italian

Triple Stumper
    $2000 7
(William) Marbury

Eureka
    $2000 16
cummerbund

Eureka

Scores at the end of the Double Jeopardy! Round:

Lisa Doug Eureka
$9,400 $2,000 $17,000

[wagering suggestions for these scores]

Final Jeopardy! Round responses

DISNEY MOVIES
(Alex: Which Disney movie had a lot of sound? A lot of music? Classical music?)
DougWhat is Fantasia?
$1,999
LisaWhat is Fantasia?
$7,601
EurekaWhat is Fantasia?
$1,801
Fantasia

Final scores:

Lisa Doug Eureka
$17,001 $3,999 $18,801
2nd place: $2,000 3rd place: $1,000 New champion: $18,801

Game dynamics:

Coryat scores:

Lisa Doug Eureka
$9,400 $5,400 $17,600
11 R,
3 W
12 R
(including 1 DD),
3 W
(including 1 DD)
24 R
(including 1 DD),
2 W

Combined Coryat: $32,400

The J! Archive is created by fans, for fans. The Jeopardy! game show and all elements thereof, including but not limited to copyright and trademark thereto, are the property of Jeopardy Productions, Inc. and are protected under law. This website is not affiliated with, sponsored by, or operated by Jeopardy Productions, Inc. Join the discussion at JBoard.tv.